000
00430nam a2200133Ia 4500
008
100328s9999 xx 000 0 und d
082
_b
59014
100
_a
कप्तान संजय.
245
_a
जादूगाराचं जाळं.
260
_b
ज्ञानयज्ञ.
630
_a
जादूगाराचं जाळं.
730
_a
जादूगाराचं जाळं.
942
_c
BOOK
999
_c
545280
_d
545277